Psiquis romántica : (Record no. 7905)
[ view plain ]
| 000 -CABECERA | |
|---|---|
| campo de control de longitud fija | 00395nam a2200145 a 4500 |
| 001 - NÚMERO DE CONTROL | |
| campo de control | 000008128 |
| 005 - FECHA Y HORA DE LA ÚLTIMA TRANSACCIÓN | |
| campo de control | 20200929154439.0 |
| 008 - DATOS DE LONGITUD FIJA--INFORMACIÓN GENERAL | |
| campo de control de longitud fija | 090915s2001 000 spa d |
| 040 ## - FUENTE DE LA CATALOGACIÓN | |
| Centro catalogador/agencia de origen | DO-SdBNP |
| 082 ## - NÚMERO DE LA CLASIFICACIÓN DECIMAL DEWEY | |
| Número de clasificación | xxx |
| Número de documento/Ítem | P192p |
| 049 ## - FONDOS LOCALES (OCLC) | |
| Fondos de biblioteca | BNPD |
| 100 1# - ENTRADA PRINCIPAL--NOMBRE DE PERSONA | |
| Nombre de persona | Paniagua, A.D.A |
| 9 (RLIN) | 22067 |
| 245 10 - MENCIÓN DE TÍTULO | |
| Título | Psiquis romántica : |
| Resto del título | ensayos / |
| Mención de responsabilidad, etc. | Alejandro Darío Altagracia Paniagua. |
| 260 ## - PUBLICACIÓN, DISTRIBUCIÓN, ETC. | |
| Lugar de publicación, distribución, etc. | Santo Domingo:, |
| Fecha de publicación, distribución, etc. | 2001. |
| Estado de retiro | Estado de pérdida | Restricciones de uso | No para préstamo | Código de colección | Localización permanente | Ubicación/localización actual | Ubicación en estantería | Fecha de adquisición | Número de inventario | Total de préstamos | Signatura topográfica completa | Código de barras | Fecha visto por última vez | Precio válido a partir de | Tipo de ítem Koha |
|---|---|---|---|---|---|---|---|---|---|---|---|---|---|---|---|
| Excluido de préstamo | Monografías: Libros y Folletos | Patrimonio Dominicano | Patrimonio Dominicano | En catalogación | 15.09.2009 | LF1 | xxx P192p | 8128-10 | 25.06.2020 | 25.06.2020 | No se presta |
